Responses for show #8202 - Tuesday, April 14, 2020

2020 College Championship semifinal game 2.

Contestants

[<< previous game]

Nibir Sarma, a sophomore at the University of Minnesota from Eden Prairie, Minnesota

Londyn Lorenz, a sophomore at the University of Mississippi from Perryville, Missouri

Joe Coker, a junior at Hendrix College from Conway, Arkansas

[next game >>]

Jeopardy! Round responses

CONGRATULATIONS, GRADUATES!
(Alex: Well, for the seniors.)
BOOK CHAPTERS
(Alex: You identify the book those chapters come from.)
POTPOURRI
COLORFUL TERMINOLOGY
MATH TERMS
FAMOUS CANADIANS
(Alex: Eh?)
    $200 23
Powerball

Londyn
    $200 18
Harry Potter and the Sorcerer's Stone

Nibir
    $200 24
(Alex: Less than a minute now.)

a roller coaster

Joe
    $200 27
blackmails

Joe
    $200 25
a diameter

Joe
    $200 15
Michael J. Fox

Joe
    $400 22
an ostrich

Joe
    $400 16
The Hound of the Baskervilles

Nibir
    $400 17
Kobe Bryant

Joe
    $400 26
a red flag

Londyn
    $400 10
6

Nibir
    $400 29
Justin Bieber

Londyn
    $600 21
(Nibir: Who is Aristotle?)
(Londyn: Who is Sophocles?)

Socrates

JoeLondynNibir
    $600 1
The Adventures of Tom Sawyer

Joe
    $600 13
moss

Nibir
    $600 8
(Nibir: What is a grayout?)

a brownout

Nibir
Triple Stumper
    $600 5
exclamation mark

Nibir
    $600 30
Keanu Reeves

Joe
    $800 20
the Peace Corps

Londyn
    $800 2
Lord of the Flies

Nibir
    $800 12
(Joe: What is a wallaby?)

a Tasmanian devil

JoeNibir
    $800 7
a blueprint

Joe
    $800 4
the base

Joe
    $800 9
(Joe: Who is Emma Stone?)

Ryan Gosling

JoeNibir
    $1000 19
anthropology

Joe
    $4,400 14
(Nibir: [Shoves both hands forward] All in.)
[Laughter]
(Alex: Okay. All right. I love the move.)

The Jungle Book

Nibir
    $1000 11
FEMA

Nibir
    $1000 6
greener pastures

Londyn
    $1000 3
variables

Joe
    $1000 28
(Sidney) Crosby

Nibir

Scores at the first commercial break (after clue 15):

Joe Londyn Nibir
$1,800 $1,000 $8,800

Scores at the end of the Jeopardy! Round:

Joe Londyn Nibir
$5,400 $2,200 $9,800

Double Jeopardy! Round responses

GARDEN SPOTS
SECOND...
FROM THE LATIN
HISTORY 101
CLASSICAL MUSIC
FANTASTICAL SUBSTANCES
    $400 30
the Netherlands

Joe
    $400 27
beta

Nibir
    $400 26
an alibi

Londyn
    $400 28
Versailles

Nibir
    $400 23
the "Hallelujah Chorus"

Londyn
    $400 29
Minecraft

Joe
    $800 25
(Alex: Londyn, you should have rung in and said, "What is [*]?" We have less than a minute to go.)

London

Triple Stumper
    $800 24
The Empire Strikes Back

Nibir
    $800 22
before

Nibir
    $800 17
John Quincy Adams

Triple Stumper
    $800 18
(Joe: What is use a pseudonym?)

he composed them himself

Joe
Triple Stumper
    $800 19
the Titanic

Triple Stumper
    $1200 21
Coral Gables

Triple Stumper
    $1200 16
"Purgatorio"

Nibir
    $1200 14
nocturnal

Londyn
    $1200 3
the Dust Bowl

Joe
    $1200 6
(Joe: What is a zither?)

a lute

JoeLondyn
    $1200 9
J.R.R. Tolkien

Joe
    $1,600 20
Iraq

Nibir
    $1600 15
a turtledove

Joe
    $1600 11
(Nibir: What is helot?)

pagan

Nibir
Triple Stumper
    $1600 2
the Acropolis

Joe
    $1600 5
flamenco

Londyn
    $1600 8
vibranium

Joe
    $2000 12
Giverny

Nibir
    $3,000 13
Bill Clinton

Nibir
    $2000 10
fiat

Triple Stumper
    $2000 1
the Magna Carta

Joe
    $2000 4
a crescendo

Nibir
    $2000 7
[NOTE: In Avatar the spelling does not contain the first "I".]

unobtainium

Nibir

Scores at the end of the Double Jeopardy! Round:

Joe Londyn Nibir
$13,400 $7,000 $22,400

[wagering suggestions for these scores]

Final Jeopardy! Round responses

COUNTRY NAMES
LondynWhat is Ecuador?
$7,000
JoeWhat is Argentina?
$13,400
NibirWhat is Ecuador? Ecuad
$4,401
Ecuador

Final scores:

Joe Londyn Nibir
$0 $14,000 $26,801
3rd place: $10,000 2nd place: $10,000 Finalist

Game dynamics:

Coryat scores:

Joe Londyn Nibir
$13,400 $7,000 $18,000
21 R,
4 W
10 R,
1 W
21 R
(including 3 DDs),
3 W

Combined Coryat: $38,400

The J! Archive is created by fans, for fans. The Jeopardy! game show and all elements thereof, including but not limited to copyright and trademark thereto, are the property of Jeopardy Productions, Inc. and are protected under law. This website is not affiliated with, sponsored by, or operated by Jeopardy Productions, Inc. Join the discussion at JBoard.tv.